Longitudinal joints : problems and solutions /

Bibliographic Details
Main Author: Brock, J. Don
Corporate Author: National Asphalt Pavement Association
Other Authors: Skinner, Tom
Format: Book
Language:English
Published: Lanham, MD : National Asphalt Pavement Association, [1997]
Series:Quality improvement series (National Asphalt Pavement Association) ; 121.
Subjects:

MARC

Tag First Indicator Second Indicator Subfields
LEADER 00000cam a2200000Ia 4500
001 in00001661845
005 20151024122648.0
008 020402s1997 mdua f 000 0 eng d
035 |a (OCoLC)ocm39846130 
035 |a (OCoLC)39846130 
040 |a WDT  |c WDT  |d OHI  |d TXA  |d UtOrBLW 
049 |a TXAM 
090 |a TE270  |b .B752 1997 
100 1 |a Brock, J. Don. 
245 1 0 |a Longitudinal joints :  |b problems and solutions /  |c [J. Don Brock ... and Tom Skinner ... were the principal authors]. 
264 1 |a Lanham, MD :  |b National Asphalt Pavement Association,  |c [1997] 
264 4 |c ©1997 
300 |a ii, 10 pages :  |b illustrations ;  |c 28 cm. 
336 |a text  |b txt  |2 rdacontent 
337 |a unmediated  |b n  |2 rdamedia 
338 |a volume  |b nc  |2 rdacarrier 
490 1 |a Quality improvement series ;  |v 121 
500 |a Cover title; responsibiility statement from p. i. 
500 |a "Printed 12/97"--P. 2 of cover. 
650 0 |a Pavements, Asphalt  |x Design and construction. 
700 1 |a Skinner, Tom. 
710 2 |a National Asphalt Pavement Association. 
830 0 |a Quality improvement series (National Asphalt Pavement Association) ;  |v 121. 
994 |a E0  |b TXA 
948 |a cataloged  |b h  |c 2002/4/10  |d c  |e bwalker  |f 2:06:27 pm 
999 |a MARS 
999 f f |s 419285e8-3e56-3816-937e-189d8f35ddc0  |i 78a4995b-59d8-373f-b942-a0ecf6e0ea13  |t 0 
952 f f |p ric  |a Texas A&M University  |b Rellis Campus  |c Joint Library Facility  |d Remote Storage  |t 0  |e TE270 .B752 1997  |h Library of Congress classification  |i unmediated -- volume  |m A14828727071 
998 f f |a TE270 .B752 1997  |t 0  |l Remote Storage